| 000 | 00000nam##2200000za#4500 |
| 001 | 9.630831 |
| 003 | CaOODSP |
| 005 | 20210624214034 |
| 007 | cr ||||||||||| |
| 008 | 150407|2002||||xxc|||||o f|0| 0 fre|d |
| 020 | |a0-662-87950-3 |
| 040 | |aCaOODSP|bfre |
| 043 | |an-cn--- |
| 086 | 1 |aH39-656/2002F-IN |
| 110 | 1 |aCanada. |bSanté Canada. |
| 245 | 14|aUne collaboration ancrée dans la tradition : |h[ressource électronique]|ble Groupe fédéral-provincial-territorial en nutrition |
| 260 | |aOttawa - Ontario : |bSanté Canada |cc2000. |
| 300 | |a3p. |
| 590 | |a14-14-Supp|b2014-07-24 |
| 691 | 07|aAlimentation|2gcpds |
| 691 | 07|aPartenariat|2gcpds |
| 691 | 07|aPromotion de la santé|2gcpds |
| 775 | 08|tA strong tradition of collaboration : |w(CaOODSP)9.686359 |
| 856 | 40|ahttp://publications.gc.ca|qPDF|s581 Ko|uhttps://publications.gc.ca/collections/collection_2014/sc-hc/H39-656-2002-fra.pdf |